The politics of research
Guardat en:
| Autor principal: | |
|---|---|
| Format: | Llibre |
| Idioma: | Undetermined |
| Publicat: |
Washington
Public Affairs Press
1966
|
| Matèries: | |
| Etiquetes: |
Afegir etiqueta
Sense etiquetes, Sigues el primer a etiquetar aquest registre!
|
| Thư viện lưu trữ: | Trung tâm Học liệu Trường Đại học Cần Thơ |
|---|
| LEADER | 00494nam a2200181Ia 4500 | ||
|---|---|---|---|
| 001 | CTU_78591 | ||
| 008 | 210402s9999 xx 000 0 und d | ||
| 082 | |a 321 | ||
| 082 | |b B234 | ||
| 100 | |a Barber, Richard J. | ||
| 245 | 4 | |a The politics of research | |
| 245 | 0 | |c Richard J. Barber | |
| 260 | |a Washington | ||
| 260 | |b Public Affairs Press | ||
| 260 | |c 1966 | ||
| 650 | |a Research,Science and states | ||
| 650 | |z United States | ||
| 980 | |a Trung tâm Học liệu Trường Đại học Cần Thơ | ||